header

Tuberculosis and nontuberculous mycobacterial infections (Record no. 116294)

MARC details
000 -LEADER
fixed length control field 01503nam a2200361 a 4500
082 04 - DEWEY DECIMAL CLASSIFICATION NUMBER
Classification number 616.9/95
245 00 - TITLE STATEMENT
Title Tuberculosis and nontuberculous mycobacterial infections
250 ## - EDITION STATEMENT
Edition statement 6th ed.
260 ## - PUBLICATION, DISTRIBUTION, ETC. (IMPRINT)
Place of publication Washington, D.C. :
Name of publisher ASM Press,
Year of publication c2011.
300 ## - PHYSICAL DESCRIPTION
Number of Pages xv, 638 p. :
Other physical details ill.
500 ## - GENERAL NOTE
General note Rev. ed. of: Tuberculosis & nontuberculous mycobacterial infections / edited by David Schlossberg. 5th ed. c2006.
650 #0 - SUBJECT ADDED ENTRY--TOPICAL TERM
Topical Term Tuberculosis.
Topical Term Mycobacterial diseases.
700 1# - ADDED ENTRY--PERSONAL NAME
Personal name Schlossberg, David.
856 40 - ELECTRONIC LOCATION AND ACCESS
Uniform Resource Identifier http://site.ebrary.com/lib/rucke/Doc?id=10509330

No items available.

© 2026 Rongo University
Contact us: librarian | system librarian | Rongo university